Bibliographie géographique de l'Égypte, (Record no. 52702)

MARC details
000 -LEADER
fixed length control field 00938cam a22002291 4500
001 - CONTROL NUMBER
control field s 30000012
003 - CONTROL NUMBER IDENTIFIER
control field DLC
005 - DATE AND TIME OF LATEST TRANSACTION
control field 20260227111911.0
008 - FIXED-LENGTH DATA ELEMENTS--GENERAL INFORMATION
fixed length control field 760113m19281929ua 000 0 fre c
010 ## - LIBRARY OF CONGRESS CONTROL NUMBER
LC control number s 30000012
035 ## - SYSTEM CONTROL NUMBER
System control number (OCoLC)1923299
040 ## - CATALOGING SOURCE
Original cataloging agency Smithsonian Institution
Transcribing agency TxU
Modifying agency OCoLC
-- DLC
050 00 - LIBRARY OF CONGRESS CALL NUMBER
Classification number Z3656
Item number .L87
100 1# - MAIN ENTRY--PERSONAL NAME
Personal name Lorin, Henri,
Dates associated with a name 1866-1932.
245 10 - TITLE STATEMENT
Title Bibliographie géographique de l'Égypte,
Statement of responsibility, etc. publiée sous la direction de M. Henri Lorin ...
260 ## - PUBLICATION, DISTRIBUTION, ETC.
Place of publication, distribution, etc. [Cairo?]
Name of publisher, distributor, etc. L'Impr. de l'Institut français d'archéologie orientale du Caire pour la Société royale de géographie d'Égypte,
Date of publication, distribution, etc. 1929-29.
300 ## - PHYSICAL DESCRIPTION
Extent 2 v.
Dimensions 28 cm.
505 0# - FORMATTED CONTENTS NOTE
Formatted contents note v. 1. Géographie physique et géographie humaine, par Henriette Agrel & others]--v. 2. Geographie historique, par Henri Munier.
650 #0 - SUBJECT ADDED ENTRY--TOPICAL TERM
Topical term or geographic name entry element Geography
Geographic subdivision Egypt
General subdivision Bibliography.
700 1# - ADDED ENTRY--PERSONAL NAME
Personal name Munier, Henri.
710 2# - ADDED ENTRY--CORPORATE NAME
Corporate name or jurisdiction name as entry element Société royale de géographie d'Égypte.

No items available.

Powered by Koha